000 008020000a22001930004500
020 _a978-987-1355-07-5 : 32.000
082 0 4 _aG 220.61 P1237p
100 1 _aPadilla, Catalina F. de
245 1 0 _aLa palabra de Dios para el pueblo de Dios : una introducción al estudio de la Biblia / Catalina F. Padilla ; dirigido por C. René Padilla
260 _aFlorida : Kairós
300 _a187 p.
505 0 0 _aMetodología de estudio - El estudio de un libro entero: Una epístola - El estudio detallado de un pasaje breve - Estudios de los evangelios - El estudio por género literario
650 1 4 _aBIBLIA - ENSEÑANZA \ BIBLIA - METODOS DE ESTUDIO
001 13668
942 _cBK
999 _c42623
_d42623
336 _atexto
_btxt
_2rdacontent
337 _2rdamedia
_asin mediación
_bn
338 _2rdacarrier
_avolumen
_bnc